Derecho y pueblo mapuche: aportes para la discusión

Guardat en:
Dades bibliogràfiques
Autor principal: Olea Rodríguez, Helena (autora)
Format: Llibre
Idioma:espanyol
Publicat: Santiago Centro de Derechos Humanos de la Universidad Diego Portales 2013
Matèries:
Etiquetes: Afegir etiqueta
Sense etiquetes, Sigues el primer a etiquetar aquest registre!

MARC

LEADER 00000cam a2200000 a 4500
001 UCF9592
003 CL-VaPUC
008 131129e20130300cl |||||||||||||||||spa|d
020 |a 9789563142068 
082 0 4 |a 341.48  |b OLE  |2 21 
100 |a Olea Rodríguez, Helena  |e autora  |9 571961 
245 1 0 |a Derecho y pueblo mapuche: aportes para la discusión 
300 |a 302 p 
942 |c BK 
945 |d 20131129 12:34:00  |a dcastane 
260 |a Santiago  |b Centro de Derechos Humanos de la Universidad Diego Portales  |c 2013 
650 7 |a CONVENIO N§ 169  |2 CL-VaPUC  |9 565065 
650 0 |a Derecho Indiano  |9 256266 
650 7 |a DERECHO INTERNACIONAL PUBLICO  |2 CL-VaPUC  |9 571962 
650 0 |a Indígenas  |9 317064 
583 |a last modification  |c 20131129 12:34:00  |k Rodrigo Vera 
999 |c 354035  |d 354033 
952 |0 0  |1 0  |3 erb  |4 0  |6 341_480000000000000_OLE_2013  |7 0  |8 A  |9 459666  |a BIBDER  |b BIBDER  |i 5031370  |l 1  |o 341.48 OLE 2013  |p 5031370  |r 2023-12-20  |s 2023-12-20  |w 2019-11-23  |y BK  |z Catalogado en:20131129  |k DER